000 00537nam a22001817a 4500
005 20251108164326.0
008 250721s1987 xx 000 0 ara d
082 1 4 _a388.3025/أحم
100 1 _aأبو السعود، أحمد
_eحقق
245 1 0 _aدليل السائق لقواعد المرور /
250 _aط2.، منقحة و معدلة
264 1 _aعمان :
_bمكتبة المحتسب،
_c1987.
300 _a272ص
650 1 7 _aلوائح المرور
650 1 7 _aالأدلة
942 _2ddc
_cBK
999 _c9377
_d9377